| 000 | 00531nam a22001937a 4500 | ||
|---|---|---|---|
| 003 | OSt | ||
| 005 | 20140310182952.0 | ||
| 008 | 130206t xxu||||| |||| 00| 0 eng d | ||
| 020 | _a9710489817 | ||
| 050 |
_aHF 5686.C8 _b.G937 2010 |
||
| 100 | _aGuerrero, Pedro P. | ||
| 245 |
_aCost accounting : principles and procedural applications / _cPedro P. Guerrero |
||
| 260 |
_aManila ; _bGIC Enterprises, _c2010. |
||
| 300 |
_a298 p. : _bill. ; _c23 cm. |
||
| 521 | _aBSA | ||
| 562 | _e1 | ||
| 942 |
_2lcc _cBK _kLOC |
||
| 999 |
_c17937 _d17937 |
||